000 00681nam a22002297a 4500
999 _c5634
_d5634
003 AR-CdUCM
008 190313b ||||| |||| 00| 0 spa d
040 _aMUNICIPALIDAD PROVINCIAL DEL CUSCO
_cBIBLIOTECA MUNICIPAL DEL CUSCO
041 _heng
082 _a927 /
_bM58M
100 _aMoss, Leonard
_916834
245 _aArthur Miller /
260 _aBuenos Aires :
_bCompañía General Fabril Editora S.A.,
_c1971.
300 _a165 páginas ;
_c20 cm.
500 _aTitulo en ingles: Arthur Miller
650 _aBiografía
_922
650 _aDramaturgo
_916835
650 _aEnsayos
_9375
700 _aMathe, Lucrecia C. de
_916836
942 _2ddc
_cLIBROS
945 _araen